[Event "Las Palmas"]
[Site "Las Palmas"]
[Date "1974.??.??"]
[Round "3"]
[White "Browne, Walter S"]
[Black "Hartston, William R"]
[Result "1-0"]
[WhiteElo "2575"]
[BlackElo "2480"]

1.e4 c5 2.Nf3 e6 3.Nc3 Nc6 4.d4 cxd4 5.Nxd4 d6 6.g3 Nf6 7.Bg2 Bd7 8.O-O Be7
9.Re1 O-O 10.Nxc6 Bxc6 11.a4 Qd7 12.Re3 Rfd8 13.Rd3 b6 14.a5 Qc7 15.Bf4 Rac8
16.axb6 axb6 17.h3 Ne8 18.Ra3 b5 19.Rb3 Qb7 20.Bf3 Rb8 21.Qe2 b4 22.Rd4 bxc3
23.Rxb7 Rxb7 24.b3 e5 25.Rc4 Bb5 26.Be3 Ra8 27.Qd3 Bxc4 28.Qxc4 Rc7 29.Qb5 Rcc8
30.Bg4 Rab8 31.Qa4 Rc7 32.Qa5 Kf8 33.Be2 Bd8 34.Qd5 Rd7 35.Qc6 Rc7 36.Qa6 Ke7
37.f3 Rcb7 38.Bc4 Bb6 39.Bxb6 Rxb6 40.Qa5 Nc7 41.Qxc3 Nb5 42.Qd3 Nc7 43.f4 exf4
44.gxf4 Kf8 45.Bxf7 Kxf7 46.Qc4+ Kf8 47.Qxc7 Kg8 48.Kf2 h6 49.Ke3 Kh7 50.Kd4 R8b7
51.Qc8 Rf7 52.f5 Rb4+ 53.Kd3 Re7 54.Qc6 Rbb7 55.Qd5 Rec7 56.c3 Ra7 57.b4 Ra3
58.Qd4 Ra1 59.Kc2  1-0

[Event "Las Palmas"]
[Site "Las Palmas"]
[Date "1974.??.??"]
[Round "4"]
[White "Garcia Gonzales, Guillermo"]
[Black "Browne, Walter S"]
[Result "1-0"]
[WhiteElo "2335"]
[BlackElo "2575"]

1.d4 c5 2.d5 Nf6 3.c4 e6 4.Nc3 exd5 5.cxd5 d6 6.Nf3 g6 7.e4 Bg7 8.Be2 O-O
9.O-O Re8 10.Nd2 Nbd7 11.a4 Ne5 12.Qc2 g5 13.b3 g4 14.Bb2 Nh5 15.g3 f5 16.exf5 Qg5
17.Nce4 Qxf5 18.f4 gxf3 19.Bxf3 Qg6 20.Bxh5 Qxh5 21.Nxd6 Bh3 22.Nxe8 Rxe8
23.d6 Rd8 24.Ne4 Bxf1 25.Bxe5 Bxe5 26.Rxf1 Bd4+ 27.Kg2 Qd5 28.Rf3 Kg7 29.Qd3 h5
30.Nf6 Qxf3+ 31.Qxf3 Bxf6 32.Qxb7+ Kh6 33.d7 a5 34.Qc6 Kg7 35.Qe6 h4 36.g4 c4
37.bxc4 Rb8 38.Kf3 Rb3+ 39.Ke4 Rb1 40.Qxf6+  1-0

[Event "Las Palmas"]
[Site "Las Palmas"]
[Date "1974.??.??"]
[Round "4"]
[White "Bellon Lopez, Juan Manuel"]
[Black "Larsen, Bent"]
[Result "0-1"]
[WhiteElo "2405"]
[BlackElo "2630"]

1.g3 c5 2.c4 Nc6 3.Bg2 b6 4.a3 e6 5.d4 cxd4 6.Nf3 Ba6 7.Nbd2 Qc8 8.b4 Bb7
9.O-O Nh6 10.Nb3 Nf5 11.Bb2 Be7 12.Rc1 O-O 13.c5 bxc5 14.Nxc5 Bxc5 15.Rxc5 d6
16.Rc2 Qd7 17.Bxd4 Nfxd4 18.Nxd4 Ne5 19.Bxb7 Qxb7 20.Nb3 Qe4 21.Rd2 d5 22.Qc2 Qg4
23.Rc1 Qh3 24.f3 Nc4 25.Rd3 Nxa3 26.Qc3 Nc4 27.Rd4 Rfc8 28.Nc5 Qh6 29.e4 Nb6
30.e5 a5 31.Ra1  0-1

[Event "Las Palmas"]
[Site "Las Palmas"]
[Date "1974.??.??"]
[Round "5"]
[White "Larsen, Bent"]
[Black "Quinteros, Miguel A"]
[Result "1-0"]
[WhiteElo "2630"]
[BlackElo "2495"]

1.Nf3 d6 2.d4 g6 3.e4 Bg7 4.c3 Nf6 5.Nbd2 O-O 6.Be2 Nc6 7.O-O e5 8.dxe5 Nxe5
9.Nxe5 dxe5 10.Qc2 Be6 11.Nf3 Nd7 12.Ng5 Qe7 13.Rd1 Rfd8 14.Be3 Nf8 15.Nxe6 Nxe6
16.Qb3 b6 17.Bc4 Rxd1+ 18.Rxd1 Rd8 19.Bxe6 Rxd1+ 20.Qxd1 fxe6 21.Qa4 c5 22.Qc6 Kf7
23.Kf1 Qe8 24.Qc7+ Qe7 25.Qc8 Qe8 26.Qa6 Qd7 27.Ke2 Bf8 28.a4 Qc7 29.Kd3 Be7
30.b3 Qd7+ 31.Kc2 Qc7 32.Bd2 Bd8 33.Qd3 Kg8 34.Bh6 Be7 35.g3 Qb7 36.h4 a6
37.Bc1 b5 38.axb5 axb5 39.c4 bxc4 40.Qxc4 Kf7 41.Be3 Qa7 42.Qa4 Qxa4 43.bxa4 Ke8
44.Kc3 Kd7 45.Kc4 Kc6 46.Bg5 Bd6 47.Bd8 h5 48.a5 Bb8 49.f3 Bd6 50.g4 Bb8
51.g5 Bd6 52.Bb6 Be7 53.Ba7 Bd8 54.a6 Ba5 55.Bb8 Be1 56.Bxe5 Bxh4 57.f4 Bg3
58.Bb8 Bf2 59.f5 exf5 60.exf5 gxf5 61.g6 Bd4 62.Bd6 h4 63.Bxc5 Bg7 64.Bg1 h3
65.Kd3 Bh6 66.Ke2 h2 67.Bxh2 Kb6 68.Kd3 Kxa6 69.Kc4 Kb6 70.Kd5 Kb5 71.Bf4 Bg7
72.Be5 Bh6 73.Ke6 Kc6 74.Kf7  1-0

[Event "Las Palmas"]
[Site "Las Palmas"]
[Date "1974.??.??"]
[Round "8"]
[White "Pomar Salamanca, Arturo"]
[Black "Browne, Walter S"]
[Result "1/2-1/2"]
[WhiteElo "2425"]
[BlackElo "2575"]

1.Nf3 Nf6 2.b3 g6 3.Bb2 Bg7 4.g3 c5 5.Bg2 Nc6 6.O-O d5 7.Ne5 Bd7 8.d3 O-O
9.Nd2 Rc8 10.Ndf3 d4 11.Qd2 Nd5 12.e4 Nxe5 13.Nxe5 Ne3 14.fxe3 Bxe5 15.c3 dxc3
16.Bxc3 Bxc3 17.Qxc3 Bb5 18.Rad1 Qd7 19.a4 Ba6 20.e5 b6 21.Rf4 Qe6 22.Rdf1 Rcd8
23.Be4 Rd7 24.g4 Rfd8 25.Rd1 Bb7 26.Bxb7 Rxb7 27.Rdf1 Rbd7 28.d4 cxd4 29.exd4 g5  1/2-1/2

[Event "Las Palmas"]
[Site "Las Palmas"]
[Date "1974.??.??"]
[Round "10"]
[White "Bellon Lopez, Juan Manuel"]
[Black "Hartston, William R"]
[Result "1/2-1/2"]
[WhiteElo "2405"]
[BlackElo "2480"]

1.b3 Nf6 2.Bb2 b6 3.e3 Bb7 4.f4 g6 5.Nf3 Bg7 6.Be2 O-O 7.O-O c5 8.Qe1 d5
9.Ne5 e6 10.d3 Nfd7 11.Nd2 Nxe5 12.fxe5 Nc6 13.Nf3 a5 14.a4 Rc8 15.Qg3 d4
16.exd4 Nxd4 17.Nxd4 cxd4 18.Ba3 Rxc2 19.Bxf8 Qxf8 20.Bf3 Ba6 21.Bg4 Qe7
22.Qf4 Bxd3 23.Rf3 Be2 24.Rf2 d3 25.Bxe2 Rxe2 26.Rxe2 dxe2 27.Re1 Qc5+ 28.Kh1 Qxe5
29.Qxe5 Bxe5 30.Rxe2 Bd4 31.Rc2 h5 32.g3 Kg7 33.Kg2 Kf6 34.Rc7 e5 35.h4 Ke6
36.Kf3 Bc5 37.Rb7 f6 38.Ke4 f5+ 39.Kf3 e4+ 40.Kg2 Ke5 41.Rg7 Kf6  1/2-1/2

[Event "Las Palmas"]
[Site "Las Palmas"]
[Date "1974.??.??"]
[Round "10"]
[White "Beliavsky, Alexander G"]
[Black "Browne, Walter S"]
[Result "1-0"]
[WhiteElo "2460"]
[BlackElo "2575"]

1.e4 c5 2.Nf3 d6 3.d4 cxd4 4.Nxd4 Nf6 5.Nc3 a6 6.a4 g6 7.Be2 Bg7 8.f4 Nc6
9.Be3 O-O 10.O-O Bd7 11.Nb3 Be6 12.g4 Rc8 13.f5 Bxb3 14.cxb3 Nd7 15.g5 Nc5
16.Rf4 Be5 17.Rh4 Nb4 18.Bc4 e6 19.f6 b5 20.axb5 axb5 21.Bxb5 d5 22.Qf3 Nxe4
23.Nxe4 dxe4 24.Qxe4 Bxb2 25.Rb1 Bc3 26.Bc4 Nd5 27.Rd1 Re8 28.Bf2 Qa5 29.Rd3 h5
30.Rdh3 Nxf6 31.gxf6 Bxf6 32.Rf4 Be5 33.Rff3 Qa1+ 34.Kg2 Ra8 35.Qb7 Bf6 36.Re3 Re7
37.Qb4 Ra2 38.Rhf3 Bh4 39.Be2 Bf6 40.Re4 Rd7 41.Qb5 Rd5 42.Qc4 Rg5+ 43.Bg3 Rf5
44.Ref4 h4 45.Bxh4 Rxf4 46.Rxf4 g5 47.Rg4 Qd1 48.Kf2 Bd4+ 49.Kf3 Qh1+ 50.Rg2 g4+
51.Kg3 Be5+ 52.Kf2 Bd4+ 53.Qxd4 Rxe2+ 54.Kxe2 Qxg2+ 55.Kd3 Qxh2 56.Qxg4+ Kh7
57.Bf6 Qd6+ 58.Bd4 f6 59.Qh4+ Kg8 60.Qxf6 Qg3+ 61.Kc4 Qc7+ 62.Bc5 Qc6 63.Qf8+ Kh7
64.Qd6 Qe4+ 65.Kb5 Qe2+ 66.Kb6 Kg6 67.Qg3+ Kh7 68.Bd4 Kh6  1-0

[Event "Las Palmas"]
[Site "Las Palmas"]
[Date "1974.??.??"]
[Round "10"]
[White "Medina Garcia, Antonio Angel"]
[Black "Larsen, Bent"]
[Result "0-1"]
[WhiteElo "2350"]
[BlackElo "2630"]

1.e4 d5 2.exd5 Qxd5 3.Nc3 Qa5 4.d4 Nf6 5.Nf3 Bf5 6.Ne5 c6 7.Bd3 Bxd3 8.Qxd3 e6
9.O-O Nbd7 10.Nxd7 Kxd7 11.Ne4 Nxe4 12.Qxe4 Qd5 13.Qe2 Bd6 14.c4 Qf5 15.Be3 Rhe8
16.b4 Ke7 17.Rab1 Kf8 18.b5 e5 19.dxe5 Qxe5 20.g3 Bc5 21.bxc6 bxc6 22.Rb3 Bxe3
23.Rxe3 Qc5 24.Re1 Rxe3 25.Qxe3 Qxe3 26.Rxe3 a5 27.Rb3 Ke7 28.Rb7+ Ke6 29.Kg2 a4
30.Kf3 Ra5 31.h4 h6 32.a3 g5 33.hxg5 hxg5 34.Ke3 f6 35.Kd4 Rf5 36.Ra7 Rxf2
37.Rxa4 Rf3 38.Ra6 Rxg3 39.Rxc6+ Kf5 40.a4 Ra3 41.Ra6 g4 42.Ra8 g3 43.Rg8 Kf4
44.c5 Rxa4+ 45.Kd5 Ra2 46.c6 Rc2 47.Kd6 g2 48.c7 Kf3  0-1

[Event "Las Palmas"]
[Site "Las Palmas"]
[Date "1974.??.??"]
[Round "12"]
[White "Larsen, Bent"]
[Black "Browne, Walter S"]
[Result "1-0"]
[WhiteElo "2630"]
[BlackElo "2575"]

1.b4 d5 2.Bb2 Bf5 3.Nf3 e6 4.e3 Nf6 5.a3 c5 6.c4 cxb4 7.axb4 Nc6 8.Qa4 Be7
9.cxd5 exd5 10.Nd4 Bd7 11.b5 Nb4 12.Ba3 a5 13.Nc3 O-O 14.Be2 Ne4 15.O-O Nxd2
16.Rfd1 Nc4 17.Nxd5 Nxa3 18.Nxe7+ Qxe7 19.Qxa3 b6 20.Rd2 Rac8 21.Rad1 Rc7
22.h3 Rfc8 23.Qa1 g6 24.Nf3 Be8 25.Rd6 Qxd6 26.Rxd6 Rc1+ 27.Qxc1 Rxc1+ 28.Kh2 a4
29.Rxb6 a3 30.Rb8 Kf8 31.b6 a2 32.Bb5 Nc6 33.Bxc6 a1=Q 34.Rxe8+ Kg7 35.b7 Rb1
36.b8=Q Rxb8 37.Rxb8 Qa5 38.Rb7 Kf8 39.e4 Qc5 40.Bd5 f5 41.Ne5  1-0